UBT Library

Montpelier : (Record no. 42713)

000 -LEADER
fixed length control field 00586cam a2200217 i 4500
001 - CONTROL NUMBER
control field 1762999
005 - DATE AND TIME OF LATEST TRANSACTION
control field 20180215093813.0
008 - FIXED-LENGTH DATA ELEMENTS--GENERAL INFORMATION
fixed length control field 760922s1976 nyua 000 0beng
010 ## - LIBRARY OF CONGRESS CONTROL NUMBER
LC control number 76045809
020 ## - INTERNATIONAL STANDARD BOOK NUMBER
International Standard Book Number 068414798X :
Terms of availability $50.00
040 ## - CATALOGING SOURCE
Original cataloging agency DLC
Transcribing agency DLC
Modifying agency DLC
041 ## - LANGUAGE CODE
Language code of text/sound track or separate title eng
043 ## - GEOGRAPHIC AREA CODE
Geographic area code n-us-va
080 ## - UNIVERSAL DECIMAL CLASSIFICATION NUMBER
Universal Decimal Classification number 636.100924 STI
082 00 - DEWEY DECIMAL CLASSIFICATION NUMBER
Classification number 636.100924 STI
-- B
100 1# - Rafti
Rafti 42
101 ## - Shkurtesa
Shkurtesa GJE
245 10 - TITLE STATEMENT
Title Montpelier :
Statement of responsibility, etc as told to Gerald Strine.
906 ## - LOCAL DATA ELEMENT F, LDF (RLIN)
a 7
b cbc
c orignew
d 1
e ocip
f 19
g y-gencatlg
942 ## - ADDED ENTRY ELEMENTS (KOHA)
Source of classification or shelving scheme
Item type Books
Holdings
Withdrawn status Lost status Source of classification or shelving scheme Damaged status Not for loan Collection code Permanent location Current location Shelving location Date acquired Total Checkouts Full call number Barcode Date last seen Price effective from Koha item type
          Koleksioni i përgjithshem UBT - Lipjan UBT - Lipjan Koleksioni i përgjithshem 02/15/2018   636.100924 STI 002-2998847 02/15/2018 02/15/2018 Books
UBT Library © 2015-2024. All rights reserved University Education for Business and Technology